000 00348 a2200097 4500
082 _a363.12 THO
100 _aThompson, Bennie G.
245 _aDetour Ahead Critical Vulnerabilities in America's Rail and Mass Transit Security Programs /
_cBennie G. Thompson
260 _aUSA :
_bU. S. House of Representatives,
300 _a43p. :
_bill. ;
_c30 cm
650 _aRail And Mass Tansit
999 _c2163
_d2163